Scientific Phenomenology and Wilfred Cantwell Smith's Misgivings

Saved in:  
Bibliographic Details
Main Author: Smart, Ninian 1927-2001 (Author)
Format: Print Article
Language:English
Check availability: HBZ Gateway
Interlibrary Loan:Interlibrary Loan for the Fachinformationsdienste (Specialized Information Services in Germany)
Published: 1984
In: The World's religious traditions
Year: 1984, Pages: 257-270

MARC

LEADER 00000naa a22000002c 4500
001 1922891835
003 DE-627
005 20250415045757.0
007 tu
008 250415s1984 xx ||||| 00| ||eng c
020 |a 0567093530 
035 |a (DE-627)1922891835 
035 |a (DE-599)KXP1922891835 
040 |a DE-627  |b ger  |c DE-627  |e rda 
041 |a eng 
084 |a 0  |2 ssgn 
100 1 |e VerfasserIn  |0 (DE-588)119257165  |0 (DE-627)080060331  |0 (DE-576)163103089  |4 aut  |a Smart, Ninian  |d 1927-2001 
109 |a Smart, Ninian 1927-2001  |a Smart, Roderick Ninian 1927-2001 
245 1 0 |a Scientific Phenomenology and Wilfred Cantwell Smith's Misgivings 
264 1 |c 1984 
336 |a Text  |b txt  |2 rdacontent 
337 |a ohne Hilfsmittel zu benutzen  |b n  |2 rdamedia 
338 |a Band  |b nc  |2 rdacarrier 
773 0 8 |i Enthalten in  |t The World's religious traditions  |d Edinburgh : T. & T. Clark, 1984  |g (1984), Seite 257-270  |h VIII, 311 S  |w (DE-627)1104781603  |w (DE-576)034781609  |z 0567093530  |7 nnam 
773 1 8 |g year:1984  |g pages:257-270 
935 |a mteo 
951 |a AR 
ELC |b 1 
ITA |a 1  |t 1 
LOK |0 000 xxxxxcx a22 zn 4500 
LOK |0 001 4705489705 
LOK |0 003 DE-627 
LOK |0 004 1922891835 
LOK |0 005 20250415032920 
LOK |0 008 250415||||||||||||||||ger||||||| 
LOK |0 035   |a (DE-Tue135)1104781603_1984_257 
LOK |0 040   |a DE-Tue135  |c DE-627  |d DE-Tue135 
LOK |0 092   |o n 
LOK |0 852   |a DE-Tue135 
LOK |0 852 1  |9 00 
LOK |0 935   |a imwa  |a ixau  |a rwrk 
LOK |0 939   |a 15-04-25  |b l01 
ORI |a SA-MARC-ixtheoa001.raw 
REL |a 1 
SUB |a REL